Statistics for All 1M+ Cities in Africa on a Map

Click here to take the quiz!

General Stats

  • This quiz has been taken 4,968 times
    (863 since last reset)
  • The average score is 54 of 79

Answers on the Map

Answers color-coded by a green-red scale on the quiz's map according to % correct below.
 

Answer Stats

PopulationCity% Correct
22,200,000Cairo
98%
21,400,000Lagos
98%
4,175,000Algiers
96%
4,450,000Cape Town
96%
14,800,000Johannesburg
96%
2,775,000Tunis
96%
4,600,000Addis Ababa
95%
6,100,000Alexandria
95%
4,700,000Casablanca
95%
4,200,000Dakar
95%
15,000,000Kinshasa
95%
6,550,000Nairobi
95%
6,850,000Khartoum
94%
1,770,000Tripoli
94%
9,000,000Luanda
93%
2,125,000Mogadishu
93%
2,125,000Rabat
93%
6,350,000Accra
92%
4,100,000Abuja
91%
6,000,000Dar es Salaam
91%
2,950,000Antananarivo
90%
2,200,000Brazzaville
90%
3,975,000Kampala
90%
3,975,000Bamako
88%
2,600,000Harare
88%
1,340,000Freetown
87%
1,770,000Monrovia
87%
6,550,000Abidjan
86%
2,250,000Lusaka
86%
3,700,000Yaounde
86%
3,575,000Durban
85%
2,450,000Maputo
85%
1,330,000Kigali
84%
1,160,000Marrakesh
84%
1,430,000Niamey
84%
2,775,000Conakry
83%
5,200,000Kano
83%
2,800,000Ouagadougou
83%
1,810,000N'Djamena
82%
1,020,000Asmara
81%
1,330,000Fes
81%
1,350,000Nouakchott
80%
1,140,000Lilongwe
79%
1,560,000Bangui
78%
2,350,000Lome
78%
1,320,000Mombasa
78%
1,440,000Gqeberha
76%
1,090,000Banjul
73%
1,190,000Tangier
68%
3,650,000Douala
67%
1,570,000Oran
67%
3,925,000Ibadan
65%
1,790,000Benin City
60%
2,600,000Port Harcourt
60%
2,025,000Cotonou
58%
2,650,000Lubumbashi
57%
2,850,000Kumasi
54%
1,280,000Agadir
48%
2,325,000Mbuji-Mayi
41%
1,140,000Pointe-Noire
40%
1,190,000Sousse
39%
1,220,000Kisangani
33%
1,350,000Benguela
31%
1,250,000Aba
29%
2,050,000Kaduna
29%
1,290,000Kananga
28%
1,340,000Maiduguri
28%
1,030,000Mwanza
26%
1,200,000Touba
26%
1,310,000Onitsha
25%
1,090,000Enugu
24%
1,110,000Jos
24%
1,050,000Bobo-Dioulasso
23%
1,000,000Sokoto
23%
1,190,000Ilorin
21%
1,090,000Zaria
21%
1,080,000Warri
20%
1,030,000Bukavu
19%
1,050,000Oshogbo
10%

Score Distribution

Percentile by Number Answered

Percent of People with Each Score

Your Score History

You have not taken this quiz since the last reset